00702nam a2200229 a 4500001001300000003000900013005001700022008004100039020001000080082001700090100001900107245007100126260004600197300000900243500003500252505002200287650001600309902000800325942000700333952011700340999001500457nice12345678IN_TiNIC20260116011945.0050524s0000 dela grp 000 0 urd  ac10000a297.93bBUT1 aBut, Abbas Ali aAn-Nur-Ul-Aha Fi Mkufawazat-E-Abdul Bahab Guftagu Bar Sare Nahar. aDelhi bPayam-E-mashriq Book Depot c0000 a196p aincludes index and biblioraphy2 aVarious Documents aBahai Faith bSRS cBK 001040708StackRoom-aHMIbHMId2007-07-02g100.00l0o297.93 BUT1p06182r2007-07-02v100.00w2005-05-24yBK c5055d5055